Fast typing - "A Farewell" - Statistics

General Stats
  • This quiz has been taken 9 times
  • The average score is 5 of 9
Answer Stats
Hint Answer % Correct
Good-bye! Good-bye!
100%
That the winged joy, sweet honey-loving rover, That the winged joy, sweet honey-loving rover,
100%
The perfect hour; The perfect hour;
100%
no, do not grieve that it is over, no, do not grieve that it is over,
80%
Flits from the flower. Flits from the flower.
40%
Grieve not—it is the law. Grieve not—it is the law.
40%
Glad was the living—blessed be the dying. Glad was the living—blessed be the dying.
20%
Let the leaves fall. Let the leaves fall.
20%
Love will be flying—Yes, love and all. Love will be flying—Yes, love and all.
20%
No matching quizzes found
Score Distribution
Percent of People with Each Score
Percentile by Number Answered
Your Score History
You have not taken this quiz